| 000 | 00372nam a22001337a 4500 | ||
|---|---|---|---|
| 005 | 20250530145411.0 | ||
| 008 | 250530b |||||||| |||| 00| 0 eng d | ||
| 050 |
_aBV4225 _b.2 KOS |
||
| 100 | _aKOSTEN, ANDREW | ||
| 245 | _aA MINSTER'S SCRAPBOOK OF SERMON ILLUSTRATIONS AND QUOTATIONS | ||
| 260 |
_aMICHIGAN _bBAKER BOOK HOUSE _cc1961 |
||
| 300 | _a119p | ||
| 942 |
_2lcc _cBK _n0 |
||
| 999 |
_c6071 _d6071 |
||